| 000 | 00661nam a22001817a 4500 | ||
|---|---|---|---|
| 003 | OSt | ||
| 005 | 20241121150719.0 | ||
| 008 | 241121b |||||||| |||| 00| 0 eng d | ||
| 020 | _a9783110743760 | ||
| 040 | _cCHUKA UNIVERSITY | ||
| 050 |
_aBV 2 _b.P73 2022 |
||
| 100 |
_aHELBOE,KIRSTINE JOHANSEN AND ULLA ,SCHMIDT (ED) _917717 |
||
| 245 | _aPRACTICE, PRACTICE THEORY AND THEOLOGY-SCANDINAVIAN AND GERMAN PERSPECTIVES | ||
| 260 |
_aBERLIN _bCPI BOOKS GMBH,LECK _c2022 |
||
| 300 | _a286P. | ||
| 650 |
_aTHEOLOGY,PRACTICAL-------SCANDINAVIA-------METHODOLOGY 2.THEOLOGY,PRACTICAL-----GERMANY------METHODOLOGY 3.PRACTICE(PHILOSOPHY) _917718 |
||
| 942 |
_2lcc _cBK _n0 |
||
| 999 |
_c18321 _d18321 |
||